[Event "Warsaw Maciei Memorial"]
[Site "Warsaw"]
[Date "2025.07.07"]
[Round "10"]
[White "Janeczko, Jakub"]
[Black "Socko, Bartosz"]
[Result "1-0"]
[WhiteElo "2282"]
[BlackElo "2574"]
[PlyCount "95"]
[EventDate "2025.07.07"]
[EventType "swiss (blitz)"]
[EventRounds "11"]
[EventCountry "POL"]
[SourceTitle "CB28_2025"]
[SourceDate "2025.07.09"]
[SourceVersion "1"]
[SourceVersionDate "2025.07.09"]
[SourceQuality "1"]

1. e4 e6 2. d3 d5 3. Nd2 c5 4. g3 Nc6 5. Bg2 g6 6. Ngf3 Bg7 7. 0-0 Nge7 8. Re1 0-0 9. e5 b5 10. Nf1 Nd4 11. Nxd4 cxd4 12. h4 Qc7 13. Bf4 Nc6 14. Qe2 Qe7 15. Nh2 Bd7 16. Ng4 f5 17. exf6 Bxf6 18. Nxf6+ Qxf6 19. Rf1 Rac8 20. a3 Rf7 21. Rae1 Kg7 22. Qd2 Kg8 23. Re2 e5 24. Bg5 Qd6 25. f4 Bg4 26. Ref2 Rcf8 27. Bh6 Re8 28. fxe5 Nxe5 29. Qg5 Ree7 30. Rf6 Be6 31. Qd2 Ng4 32. Rxf7 Rxf7 33. Rxf7 Bxf7 34. Bf4 Qe6 35. Bf3 Ne3 36. Qa5 Qd7 37. Qa6 Be6 38. h5 Kf7 39. hxg6+ hxg6 40. Qa5 Bg4 41. Bxg4 Nxg4 42. Qa6 Qe7 43. Kf1 Nh2+ 44. Kg2 Ng4 45. Kf3 Ne3 46. Qxb5 Kg7 47. Qb4 Nxc2 48. Qxe7+ 1-0

[Event "Warsaw Maciei Memorial"]
[Site "Warsaw"]
[Date "2025.07.07"]
[Round "6"]
[White "Mickiewicz, Piotr"]
[Black "Socko, Bartosz"]
[Result "1/2-1/2"]
[WhiteElo "2224"]
[BlackElo "2574"]
[PlyCount "137"]
[EventDate "2025.07.07"]
[EventType "swiss (blitz)"]
[EventRounds "11"]
[EventCountry "POL"]
[SourceTitle "CB28_2025"]
[SourceDate "2025.07.09"]
[SourceVersion "1"]
[SourceVersionDate "2025.07.09"]
[SourceQuality "1"]

1. Nf3 d5 2. b3 Nf6 3. Bb2 e6 4. c4 b6 5. g3 Bb7 6. Bg2 dxc4 7. bxc4 Be7 8. 0-0 c5 9. d3 0-0 10. e3 Nc6 11. a3 Qd7 12. Qc2 Rfd8 13. Rd1 Rac8 14. Nc3 h6 15. h3 Qe8 16. Rab1 Nd7 17. Ne1 Bf6 18. f4 Qe7 19. Nf3 Nf8 20. Ba1 Rd7 21. Bb2 Rcd8 22. Rd2 Re8 23. Rbd1 Qd8 24. g4 Ng6 25. Ne4 Bxb2 26. Qxb2 Na5 27. Qc3 Bxe4 28. dxe4 Rxd2 29. Rxd2 Qc7 30. e5 Rd8 31. Kf2 Rxd2+ 32. Nxd2 Qd7 33. Be4 Ne7 34. Qd3 Qxd3 35. Bxd3 Kf8 36. h4 Ke8 37. h5 Nec6 38. Ne4 Ke7 39. Nd6 Kf8 40. Ke2 Ke7 41. Kd2 Kf8 42. Kc3 f6 43. exf6 gxf6 44. Ne4 Kg7 45. Nd6 Kf8 46. Bc2 e5 47. Nf5 exf4 48. exf4 Nd8 49. Nxh6 Ne6 50. g5 fxg5 51. fxg5 Nxg5 52. Nf5 Kf7 53. Nd6+ Kg7 54. Nc8 Nc6 55. Ba4 Ne5 56. Nxa7 Ne4+ 57. Kb3 Nd2+ 58. Kc3 Ne4+ 59. Kb3 Nd2+ 60. Kc3 Ndxc4 61. Nc8 Kh6 62. Bb3 Nxa3 63. Nxb6 Nb5+ 64. Kd2 Nd4 65. Bd1 Kg5 66. Ke3 Kf5 67. h6 Kg6 68. Ke4 Nf7 69. Kd5 1/2-1/2

[Event "Warsaw Maciei Memorial"]
[Site "Warsaw"]
[Date "2025.07.07"]
[Round "8"]
[White "Socko, Bartosz"]
[Black "Rosh, Jain"]
[Result "0-1"]
[WhiteElo "2574"]
[BlackElo "2322"]
[PlyCount "76"]
[EventDate "2025.07.07"]
[EventType "swiss (blitz)"]
[EventRounds "11"]
[EventCountry "POL"]
[SourceTitle "CB28_2025"]
[SourceDate "2025.07.09"]
[SourceVersion "1"]
[SourceVersionDate "2025.07.09"]
[SourceQuality "1"]

1. e4 d6 2. d4 Nf6 3. Nc3 e5 4. Nge2 Nbd7 5. h3 h5 6. Be3 c6 7. g3 Be7 8. Bg2 0-0 9. 0-0 b5 10. a3 Bb7 11. Qd2 a5 12. Rad1 Qc7 13. Bg5 Nb6 14. b3 b4 15. axb4 axb4 16. Nb1 Ra2 17. Nc1 Ra1 18. Ne2 Ra2 19. Rfe1 Re8 20. Nc1 Ra1 21. Nd3 exd4 22. Nxb4 c5 23. Nd3 Nxe4 24. Bxe4 Bxg5 25. Qxg5 Rxe4 26. Rxe4 Bxe4 27. Qxh5 Bb7 28. Re1 Qc6 29. f3 Nd5 30. Nd2 Rxe1+ 31. Nxe1 Ne3 32. Ne4 Qa6 33. Nd3 Qa1+ 34. Kh2 Qf1 35. Nf4 Bxe4 36. fxe4 Qf2+ 37. Kh1 Nf1 38. Ne2 Qxe2 0-1

[Event "Warsaw Maciei Memorial"]
[Site "Warsaw"]
[Date "2025.07.07"]
[Round "3"]
[White "Socko, Bartosz"]
[Black "Tsiapko, Andrii"]
[Result "1/2-1/2"]
[WhiteElo "2574"]
[BlackElo "2175"]
[PlyCount "92"]
[EventDate "2025.07.07"]
[EventType "swiss (blitz)"]
[EventRounds "11"]
[EventCountry "POL"]
[SourceTitle "CB28_2025"]
[SourceDate "2025.07.09"]
[SourceVersion "1"]
[SourceVersionDate "2025.07.09"]
[SourceQuality "1"]

1. d4 d5 2. Nf3 Nf6 3. g3 e6 4. Bg2 Be7 5. 0-0 0-0 6. c4 c6 7. Nc3 Nbd7 8. Qd3 b6 9. e4 Ba6 10. b3 dxc4 11. bxc4 e5 12. dxe5 Ng4 13. Bf4 g5 14. Rfd1 gxf4 15. Qxd7 Qxd7 16. Rxd7 Bc5 17. Nd1 fxg3 18. hxg3 Rfd8 19. Rxd8+ Rxd8 20. Bh3 h5 21. Bxg4 hxg4 22. Nh2 Bc8 23. Nf1 Rd4 24. Nde3 Rxe4 25. Rd1 Be7 26. c5 Rxe5 27. cxb6 axb6 28. Nd2 Be6 29. Ndc4 Rb5 30. Rc1 f6 31. Re1 Kf7 32. Rd1 Rb4 33. Nd6+ Bxd6 34. Rxd6 Bxa2 35. Rxc6 Rb1+ 36. Kg2 b5 37. Rc7+ Ke6 38. Rc6+ Ke7 39. Rb6 b4 40. Nxg4 Bd5+ 41. f3 b3 42. Ne3 Be6 43. f4 b2 44. f5 Re1 45. Rxb2 Rxe3 46. fxe6 Kxe6 1/2-1/2

[Event "POL-chT Ekstraliga"]
[Site "Chotowa"]
[Date "2025.06.09"]
[Round "8.3"]
[White "Baum, Jonasz"]
[Black "Socko, Bartosz"]
[Result "1/2-1/2"]
[WhiteElo "2479"]
[BlackElo "2575"]
[PlyCount "64"]
[EventDate "2025.06.02"]
[EventType "team-tourn"]
[EventRounds "9"]
[EventCountry "POL"]
[SourceTitle "CB24_2025"]
[SourceDate "2025.06.11"]
[SourceVersion "1"]
[SourceVersionDate "2025.06.11"]
[SourceQuality "1"]
[WhiteTeam "Raciborz Silesia"]
[BlackTeam "Katowice Hetman"]
[WhiteTeamCountry "POL"]
[BlackTeamCountry "POL"]

1. d4 d5 2. Nf3 Nf6 3. c4 dxc4 4. e3 Bg4 5. Bxc4 e6 6. Nc3 Nbd7 7. h3 Bh5 8. 0-0 Bb4 9. Qb3 c5 10. a3 Bxc3 11. bxc3 Bxf3 12. gxf3 Qc7 13. Rb1 Rb8 14. Rd1 0-0 15. Bf1 e5 16. a4 Rfd8 17. Ba3 b6 18. Qc4 exd4 19. cxd4 Rbc8 20. a5 Nf8 21. f4 cxd4 22. Qxc7 Rxc7 23. axb6 axb6 24. Rxb6 Rcc8 25. Be7 Rd7 26. Bxf6 dxe3 27. Rxd7 Nxd7 28. Bd4 exf2+ 29. Kxf2 Nxb6 30. Bxb6 g6 31. Bd4 Rc6 32. Ke3 Re6+ 1/2-1/2

[Event "Katowice rapid op"]
[Site "Katowice"]
[Date "2025.05.31"]
[Round "1"]
[White "Gula, Grzegorz"]
[Black "Socko, Bartosz"]
[Result "0-1"]
[WhiteElo "1818"]
[BlackElo "2510"]
[PlyCount "70"]
[EventDate "2025.05.31"]
[EventType "swiss"]
[EventRounds "11"]
[EventCountry "POL"]
[SourceTitle "CB24_2025"]
[SourceDate "2025.06.11"]
[SourceVersion "1"]
[SourceVersionDate "2025.06.11"]
[SourceQuality "1"]

1. e4 e6 2. d4 d5 3. Bd3 dxe4 4. Bxe4 Nf6 5. Bf3 Nbd7 6. Ne2 Bd6 7. Bf4 0-0 8. 0-0 e5 9. Bg5 h6 10. Bxf6 Nxf6 11. Ng3 c6 12. Nc3 exd4 13. Qxd4 Bxg3 14. Qxd8 Bxh2+ 15. Kxh2 Rxd8 16. Ne4 Nxe4 17. Bxe4 Be6 18. Rad1 Kf8 19. Kg3 Ke7 20. f4 f5 21. Bd3 Kf6 22. Rfe1 g5 23. Re3 gxf4+ 24. Kxf4 Rd4+ 25. Kf3 Bd5+ 26. Kf2 Rg8 27. g3 f4 28. gxf4 Rxf4+ 29. Ke1 Rg2 30. Re8 h5 31. Rf8+ Kg5 32. Rxf4 Kxf4 33. Kf1 Rh2 34. Be2 Rxe2 35. Ra1 Re4 0-1

[Event "EU-ch 24th"]
[Site "Petrovac"]
[Date "2024.11.17"]
[Round "9"]
[White "Socko, Bartosz"]
[Black "Pichot, Alan"]
[Result "1-0"]
[WhiteElo "2554"]
[BlackElo "2649"]
[PlyCount "79"]
[EventDate "2024.11.08"]
[EventType "swiss"]
[EventRounds "11"]
[EventCountry "MNE"]
[SourceTitle "CB47_2024"]
[SourceDate "2024.11.20"]
[SourceVersion "1"]
[SourceVersionDate "2024.11.20"]
[SourceQuality "1"]

1. d4 Nf6 2. c4 e6 3. Nf3 d5 4. g3 dxc4 5. Bg2 a6 6. Ne5 Bb4+ 7. Bd2 Qxd4 8. Bxb4 Qxe5 9. Na3 Nc6 10. Bxc6+ bxc6 11. f3 a5 12. Qa4 axb4 13. Qxa8 0-0 14. Nxc4 Qd4 15. Qxc6 Bd7 16. Qa6 e5 17. Rd1 Qc5 18. b3 e4 19. Qa5 Qxa5 20. Nxa5 Ra8 21. Nc4 Rxa2 22. fxe4 Kf8 23. e5 Nd5 24. Kf2 Be6 25. Ra1 Rc2 26. Rhc1 Rxc1 27. Rxc1 Ke8 28. Na5 Nc3 29. Nc6 Na2 30. Rc2 Kd7 31. Nb8+ Kc8 32. Na6 Bxb3 33. Rxc7+ Kd8 34. Rb7 Bd5 35. Rb8+ Kd7 36. Nxb4 Nxb4 37. Rxb4 Ke6 38. e4 Ba8 39. Ra4 Bb7 40. Ke3 1-0

[Event "POL-chT Ekstraliga"]
[Site "Walbrzych"]
[Date "2024.10.11"]
[Round "5.16"]
[White "Socko, Bartosz"]
[Black "Krzyzanowski, Marcin"]
[Result "1-0"]
[WhiteElo "2554"]
[BlackElo "2509"]
[PlyCount "77"]
[EventDate "2024.10.07"]
[EventType "team-tourn"]
[EventRounds "9"]
[EventCountry "POL"]
[SourceTitle "CB42_2024"]
[Source "ChessBase"]
[SourceDate "2024.10.16"]
[SourceVersion "1"]
[SourceVersionDate "2024.10.16"]
[SourceQuality "1"]
[WhiteTeam "Katowice Wasko"]
[BlackTeam "Raciborz Silesia"]
[WhiteTeamCountry "POL"]
[BlackTeamCountry "POL"]

1. d4 Nf6 2. Nf3 g6 3. c4 Bg7 4. Nc3 0-0 5. e4 d6 6. Be2 e5 7. 0-0 Bg4 8. d5 a5 9. Ne1 Bd7 10. Nd3 Na6 11. Be3 b6 12. Qd2 h5 13. h3 Nc5 14. Nxc5 bxc5 15. a4 Nh7 16. Rae1 Qh4 17. Bd3 f5 18. exf5 Bxf5 19. Bxf5 Rxf5 20. Qd3 Raf8 21. Ne4 g5 22. Bd2 g4 23. Qg3 Qe7 24. hxg4 hxg4 25. Qxg4 Kh8 26. Ra1 Qf7 27. Ra3 Rg8 28. Rg3 Rb8 29. Rh3 Kg8 30. Bh6 Rf6 31. Nxf6+ Nxf6 32. Qh4 Bxh6 33. Qxh6 Nh7 34. b3 Kh8 35. Re1 Rg8 36. Ree3 Rg6 37. Ref3 Qg8 38. Rf8 Rxg2+ 39. Kf1 1-0

[Event "Bydgoszcz op"]
[Site "Bydgoszcz"]
[Date "2024.08.31"]
[Round "6"]
[White "Socko, Bartosz"]
[Black "Salinas Herrera, Pablo Patricio"]
[Result "1-0"]
[WhiteElo "2551"]
[BlackElo "2487"]
[PlyCount "118"]
[EventDate "2024.08.26"]
[EventType "swiss"]
[EventRounds "9"]
[EventCountry "POL"]
[SourceTitle "EXT 2025"]
[Source "ChessBase"]
[SourceDate "2024.10.14"]
[SourceVersion "1"]
[SourceVersionDate "2024.10.14"]
[SourceQuality "1"]

1. e4 e5 2. Nf3 Nc6 3. d4 exd4 4. Nxd4 Nf6 5. Nxc6 bxc6 6. Bd3 d5 7. exd5 cxd5 8. 0-0 Be7 9. h3 0-0 10. Nd2 c5 11. b3 Rb8 12. Re1 Rb6 13. Bb2 Bb7 14. a4 Nd7 15. Qg4 Bf6 16. Bxf6 Nxf6 17. Qh4 Re8 18. Nf3 Rb4 19. Qg3 Ne4 20. Bxe4 Rbxe4 21. Rxe4 dxe4 22. Nh2 Qd2 23. Ng4 Qd4 24. Re1 Bc8 25. Ne3 Be6 26. Rd1 Qb4 27. Qc7 Qb6 28. Qxb6 axb6 29. Rd6 Rb8 30. Nd5 Bxd5 31. Rxd5 Kf8 32. Kf1 Ke7 33. Re5+ Kd6 34. Rxe4 b5 35. axb5 Rxb5 36. Ke2 Rb7 37. Kd3 Kc6 38. g4 Rd7+ 39. Ke2 Ra7 40. g5 g6 41. Rf4 Kb5 42. Kd3 Rd7+ 43. Kc3 Rd5 44. Rxf7 Rxg5 45. Rb7+ Kc6 46. Rxh7 Rf5 47. Rh6 Rf3+ 48. Kc4 Rf4+ 49. Kd3 Rxf2 50. Rxg6+ Kb5 51. c4+ Ka5 52. Ke4 Rh2 53. Rg3 Kb4 54. Kf4 Rh1 55. Kg4 Rb1 56. h4 Rxb3 57. Rxb3+ Kxb3 58. h5 Kxc4 59. h6 Kd5 1-0

[Event "Bydgoszcz op"]
[Site "Bydgoszcz"]
[Date "2024.08.30"]
[Round "5"]
[White "Sieciechowicz, Marcin"]
[Black "Socko, Bartosz"]
[Result "1/2-1/2"]
[WhiteElo "2424"]
[BlackElo "2551"]
[PlyCount "40"]
[EventDate "2024.08.26"]
[EventType "swiss"]
[EventRounds "9"]
[EventCountry "POL"]
[SourceTitle "EXT 2025"]
[Source "ChessBase"]
[SourceDate "2024.10.14"]
[SourceVersion "1"]
[SourceVersionDate "2024.10.14"]
[SourceQuality "1"]

1. d4 Nf6 2. c4 e6 3. Nc3 Bb4 4. Qc2 d6 5. Bd2 0-0 6. Nf3 b6 7. e3 Bb7 8. Be2 Nbd7 9. 0-0 c5 10. Rfd1 Qe7 11. a3 Bxc3 12. Bxc3 Ne4 13. dxc5 Nxc3 14. Qxc3 Nxc5 15. Nd4 Qg5 16. Nf3 Qg6 17. b4 Ne4 18. Qb2 Rac8 19. Rac1 f5 20. Ne1 f4 1/2-1/2

[Event "Bydgoszcz op"]
[Site "Bydgoszcz"]
[Date "2024.08.28"]
[Round "3"]
[White "Kacprzak, Kacper"]
[Black "Socko, Bartosz"]
[Result "0-1"]
[WhiteElo "2237"]
[BlackElo "2551"]
[PlyCount "60"]
[EventDate "2024.08.26"]
[EventType "swiss"]
[EventRounds "9"]
[EventCountry "POL"]
[SourceTitle "EXT 2025"]
[Source "ChessBase"]
[SourceDate "2024.10.14"]
[SourceVersion "1"]
[SourceVersionDate "2024.10.14"]
[SourceQuality "1"]

1. e4 e6 2. d4 d5 3. Nc3 Nf6 4. e5 Nfd7 5. f4 c5 6. Nf3 Nc6 7. Be3 Be7 8. Qd2 0-0 9. dxc5 Qa5 10. a3 a6 11. h4 Nxc5 12. h5 b5 13. Nd4 Nxd4 14. b4 Ne4 15. Qxd4 Bxb4 16. Qxb4 Qxb4 17. axb4 Nxc3 18. h6 f5 19. Bd4 Ne4 20. hxg7 Rf7 21. Be2 Rxg7 22. 0-0 Bb7 23. Kh2 Kf7 24. Rf3 Rag8 25. Bf1 Ng3 26. Rf2 Rg4 27. Kg1 Rh4 28. Rf3 Nh5 29. Bxb5 Nxf4 30. Bf1 Nxg2 0-1

[Event "Bydgoszcz op"]
[Site "Bydgoszcz"]
[Date "2024.08.27"]
[Round "2"]
[White "Socko, Bartosz"]
[Black "Dubnevych, Maksym"]
[Result "1/2-1/2"]
[WhiteElo "2551"]
[BlackElo "2267"]
[PlyCount "91"]
[EventDate "2024.08.26"]
[EventType "swiss"]
[EventRounds "9"]
[EventCountry "POL"]
[SourceTitle "EXT 2025"]
[Source "ChessBase"]
[SourceDate "2024.10.14"]
[SourceVersion "1"]
[SourceVersionDate "2024.10.14"]
[SourceQuality "1"]

1. e4 e5 2. Nf3 Nc6 3. Bb5 a6 4. Ba4 Bc5 5. c3 Nge7 6. 0-0 Ng6 7. d4 Ba7 8. Bxc6 dxc6 9. Nxe5 Nxe5 10. dxe5 Qh4 11. Qf3 Rg8 12. Re1 Bg4 13. Qg3 Qxg3 14. hxg3 0-0-0 15. Na3 Rde8 16. Nc4 Be6 17. Nd2 Bg4 18. Nf3 Bxf3 19. gxf3 Rxe5 20. Be3 Bxe3 21. Rxe3 Rd8 22. Re2 Re7 23. Kg2 Red7 24. f4 Rd1 25. Rxd1 Rxd1 26. Kf3 Kd7 27. f5 c5 28. e5 Ke7 29. g4 h6 30. Ke4 c4 31. f4 Rg1 32. Kf3 Rf1+ 33. Rf2 Rg1 34. e6 fxe6 35. Re2 Rf1+ 36. Kg3 Rg1+ 37. Kh3 Rf1 38. Rxe6+ Kf8 39. Re4 b5 40. Kg3 c5 41. a4 Rb1 42. axb5 axb5 43. Re5 Rxb2 44. Rxc5 Rb3 45. Kf2 Rxc3 46. Rxb5 1/2-1/2

[Event "Grodzisk Mazowiecki"]
[Site "Grodzisk Mazowiecki"]
[Date "2024.07.19"]
[Round "4"]
[White "Rudzinska, Michalina"]
[Black "Socko, Bartosz"]
[Result "0-1"]
[WhiteElo "2250"]
[BlackElo "2555"]
[PlyCount "70"]
[EventDate "2024.07.19"]
[EventType "tourn (rapid)"]
[EventRounds "7"]
[EventCountry "POL"]
[EventCategory "9"]
[SourceTitle "EXT 2025"]
[Source "ChessBase"]
[SourceDate "2024.10.14"]
[SourceVersion "1"]
[SourceVersionDate "2024.10.14"]
[SourceQuality "1"]

1. e4 c5 2. Nf3 d6 3. d4 cxd4 4. Nxd4 Nf6 5. Nc3 a6 6. g3 g6 7. Bg2 Bg7 8. 0-0 0-0 9. h3 Nc6 10. Be3 Qc7 11. Nde2 b5 12. Nd5 Nxd5 13. exd5 Ne5 14. Bd4 h5 15. b3 Bf5 16. Rc1 Rac8 17. Qd2 Rfe8 18. f4 Nd7 19. Bxg7 Kxg7 20. Nd4 Qc3 21. Qf2 Nf6 22. Rfe1 Rc5 23. Nxf5+ gxf5 24. Re3 Qb2 25. Qd2 Nxd5 26. Bxd5 Rxd5 27. Qe1 e6 28. Re2 Qd4+ 29. Kh2 Rc8 30. Qf1 Rc3 31. Qg2 Kf8 32. Rce1 h4 33. gxh4 Qxf4+ 34. Kh1 Rg3 35. Rf2 Qxh4 0-1

[Event "Warsaw Maciei Memorial Blitz"]
[Site "Warsaw"]
[Date "2024.07.08"]
[Round "6"]
[White "Socko, Bartosz"]
[Black "Kacprzak, Karol1"]
[Result "1-0"]
[WhiteElo "2555"]
[BlackElo "2343"]
[PlyCount "81"]
[EventDate "2024.07.08"]
[EventType "swiss (blitz)"]
[EventRounds "11"]
[EventCountry "POL"]
[SourceTitle "CBM 221 Extra"]
[Source "ChessBase"]
[SourceDate "2024.09.30"]
[SourceVersion "1"]
[SourceVersionDate "2024.09.30"]
[SourceQuality "1"]

1. g3 d5 2. Bg2 Nf6 3. Nf3 e6 4. d4 Be7 5. c4 0-0 6. 0-0 c6 7. Nc3 a5 8. Nd2 b6 9. b3 Ba6 10. Bb2 b5 11. c5 b4 12. Na4 Nbd7 13. a3 Bb5 14. axb4 axb4 15. Re1 Qc7 16. Nf3 Ne4 17. Qc2 f5 18. Bc1 Bf6 19. Bf4 e5 20. dxe5 Nxe5 21. Nd4 g5 22. Ne6 Qe7 23. Bxe5 Bxe5 24. Nxf8 Bxa1 25. Rxa1 Qxf8 26. Bxe4 fxe4 27. Qd2 Qf6 28. Ra2 Rf8 29. e3 Qf5 30. Qxb4 Qh3 31. Qe1 Rf6 32. Nc3 Bd3 33. Ra8+ Kf7 34. Ra7+ Ke6 35. Rc7 Kf5 36. Ne2 Rh6 37. Nd4+ Ke5 38. f4+ exf3 39. Nxf3+ Kf5 40. Qf2 Be4 41. Rf7+ 1-0

[Event "Warsaw Maciei Memorial Blitz"]
[Site "Warsaw"]
[Date "2024.07.08"]
[Round "4"]
[White "Socko, Bartosz"]
[Black "Smal, Tobiasz"]
[Result "1-0"]
[WhiteElo "2555"]
[BlackElo "2002"]
[PlyCount "65"]
[EventDate "2024.07.08"]
[EventType "swiss (blitz)"]
[EventRounds "11"]
[EventCountry "POL"]
[SourceTitle "CBM 221 Extra"]
[Source "ChessBase"]
[SourceDate "2024.09.30"]
[SourceVersion "1"]
[SourceVersionDate "2024.09.30"]
[SourceQuality "1"]

1. g3 Nf6 2. Bg2 g6 3. e4 d6 4. d4 Bg7 5. Nc3 0-0 6. Nge2 e5 7. h3 Nc6 8. Be3 exd4 9. Nxd4 Bd7 10. 0-0 Nxd4 11. Bxd4 Bc6 12. Qd2 Re8 13. Rae1 Nd7 14. Bxg7 Kxg7 15. f4 a5 16. Kh2 Kg8 17. h4 Nf6 18. Bf3 b5 19. Qd4 b4 20. Nd1 Bb5 21. Rg1 c5 22. Qd2 Bc6 23. Nf2 h5 24. f5 Qe7 25. Qh6 Qf8 26. Qf4 Rad8 27. g4 hxg4 28. Nxg4 Nh5 29. Qg5 d5 30. e5 Qg7 31. Nh6+ Kf8 32. f6 Qh7 33. Bxh5 1-0

[Event "Warsaw Maciei Memorial Blitz"]
[Site "Warsaw"]
[Date "2024.07.08"]
[Round "2"]
[White "Socko, Bartosz"]
[Black "Wiech, Grzegorz"]
[Result "1-0"]
[WhiteElo "2555"]
[BlackElo "2106"]
[PlyCount "49"]
[EventDate "2024.07.08"]
[EventType "swiss (blitz)"]
[EventRounds "11"]
[EventCountry "POL"]
[SourceTitle "CBM 221 Extra"]
[Source "ChessBase"]
[SourceDate "2024.09.30"]
[SourceVersion "1"]
[SourceVersionDate "2024.09.30"]
[SourceQuality "1"]

1. g3 d5 2. Bg2 c6 3. Nf3 Bf5 4. 0-0 e6 5. d4 Nf6 6. c4 Nbd7 7. Qb3 Qb6 8. c5 Qxb3 9. axb3 e5 10. b4 exd4 11. Nxd4 Be4 12. Bh3 Be7 13. Nc3 Bg6 14. Bf4 0-0 15. Ra3 a6 16. Nb3 Bd8 17. Rfa1 Rc8 18. Bd6 Re8 19. Na5 Bxa5 20. bxa5 Rcd8 21. Rb3 d4 22. Na4 Rxe2 23. Rxb7 d3 24. Nc3 Rxb2 25. Rxb2 1-0

[Event "Warsaw Maciei Memorial Blitz"]
[Site "Warsaw"]
[Date "2024.07.08"]
[Round "3"]
[White "Sriram, Jha"]
[Black "Socko, Bartosz"]
[Result "1/2-1/2"]
[WhiteElo "2304"]
[BlackElo "2555"]
[PlyCount "96"]
[EventDate "2024.07.08"]
[EventType "swiss (blitz)"]
[EventRounds "11"]
[EventCountry "POL"]
[SourceTitle "CBM 221 Extra"]
[Source "ChessBase"]
[SourceDate "2024.09.30"]
[SourceVersion "1"]
[SourceVersionDate "2024.09.30"]
[SourceQuality "1"]

1. Nf3 Nf6 2. g3 d5 3. Bg2 Bg4 4. 0-0 Nbd7 5. d4 e6 6. c4 Be7 7. h3 Bh5 8. cxd5 exd5 9. Qb3 Qc8 10. Nc3 c6 11. Ne5 0-0 12. f4 h6 13. g4 Bg6 14. Nxg6 fxg6 15. e4 Kh7 16. e5 Ne8 17. Qc2 c5 18. Nxd5 Bh4 19. Be3 Nc7 20. dxc5 Nxd5 21. Bxd5 Qc7 22. Be4 Kh8 23. Bxg6 Nxe5 24. fxe5 Qxe5 25. Bf2 Rxf2 26. Rxf2 Qe3 27. Qe2 Qxc5 28. Kg2 Bxf2 29. Qxf2 Qc6+ 30. Qf3 Qxg6 31. Rf1 Qb6 32. b3 Rd8 33. Rf2 a5 34. Qf5 Qc6+ 35. Qf3 Qb5 36. Qf5 Qb4 37. Qf4 Qe7 38. Qf7 Qe4+ 39. Qf3 Qb4 40. Qf4 Qb6 41. Qf3 Qc7 42. Qf4 Qc6+ 43. Qf3 Qb5 44. Qf5 Qb4 45. Qf4 Qc3 46. Qf3 Qc7 47. Qf4 Qc3 48. Qf3 Qc7 1/2-1/2

[Event "Adeje Arona op"]
[Site "Adeje"]
[Date "2024.06.25"]
[Round "6"]
[White "Tsolakidou, Stavroula"]
[Black "Socko, Bartosz"]
[Result "1/2-1/2"]
[WhiteElo "2421"]
[BlackElo "2556"]
[PlyCount "87"]
[EventDate "2024.06.22"]
[EventType "swiss"]
[EventRounds "10"]
[EventCountry "ESP"]
[SourceTitle "CBM 220 Extra"]
[Source "ChessBase"]
[SourceDate "2024.07.31"]
[SourceVersion "1"]
[SourceVersionDate "2024.07.31"]
[SourceQuality "1"]

1. e4 e5 2. Nf3 Nc6 3. Bb5 a6 4. Ba4 d6 5. 0-0 Bd7 6. c4 Nf6 7. Nc3 Be7 8. Re1 0-0 9. Bxc6 Bxc6 10. d4 exd4 11. Nxd4 Nd7 12. b3 Bf6 13. Bb2 Re8 14. Qd2 Nc5 15. f3 Be5 16. b4 Ne6 17. Nf5 Qg5 18. Rad1 Qxd2 19. Rxd2 Kf8 20. Nd5 Bxb2 21. Rxb2 a5 22. a3 axb4 23. axb4 Ra4 24. Rd1 Rea8 25. Rdd2 g6 26. Nfe3 b6 27. Kf2 Ra3 28. Nxc7 Nxc7 29. Rxd6 Be8 30. Rxb6 Rd8 31. Nd5 Nxd5 32. cxd5 Ke7 33. Rc2 Rda8 34. Kg3 Bd7 35. Rc7 Kd8 36. Rcb7 R3a6 37. Rxa6 Rxa6 38. b5 Rd6 39. Kf4 f6 40. b6 Kc8 41. Rc7+ Kd8 42. Rb7 Kc8 43. Rc7+ Kd8 44. Rb7 1/2-1/2

[Event "Adeje Arona op"]
[Site "Adeje"]
[Date "2024.06.22"]
[Round "1"]
[White "Socko, Bartosz"]
[Black "Vega Gutierrez, Belinda Vidina"]
[Result "1-0"]
[WhiteElo "2556"]
[BlackElo "2135"]
[PlyCount "37"]
[EventDate "2024.06.22"]
[EventType "swiss"]
[EventRounds "10"]
[EventCountry "ESP"]
[SourceTitle "CBM 220 Extra"]
[Source "ChessBase"]
[SourceDate "2024.07.31"]
[SourceVersion "1"]
[SourceVersionDate "2024.07.31"]
[SourceQuality "1"]

1. d4 d5 2. Nf3 Nf6 3. g3 g6 4. Bg2 Bg7 5. c4 dxc4 6. Na3 0-0 7. Nxc4 c5 8. 0-0 Nc6 9. dxc5 Be6 10. Nfe5 Qc7 11. Nxc6 Bxc4 12. Bf4 Qd7 13. Qxd7 Nxd7 14. Nxe7+ Kh8 15. Bxb7 Rae8 16. Bd6 Bxb2 17. Rab1 Ba3 18. Bc6 Rd8 19. Bxd7 1-0

[Event "POL-ch 81st"]
[Site "Rzeszow"]
[Date "2024.05.23"]
[Round "2"]
[White "Koziorowicz, Michal"]
[Black "Socko, Bartosz"]
[Result "0-1"]
[WhiteElo "2324"]
[BlackElo "2556"]
[PlyCount "60"]
[EventDate "2024.05.22"]
[EventType "tourn"]
[EventRounds "9"]
[EventCountry "POL"]
[EventCategory "12"]
[SourceTitle "CBM 220 Extra"]
[Source "ChessBase"]
[SourceDate "2024.07.31"]
[SourceVersion "1"]
[SourceVersionDate "2024.07.31"]
[SourceQuality "1"]

1. e4 e5 2. Nf3 Nc6 3. Bc4 Nf6 4. d4 exd4 5. e5 d5 6. Bb5 Nd7 7. 0-0 Be7 8. c3 d3 9. Re1 0-0 10. Bxc6 bxc6 11. Nd4 Nb8 12. Qxd3 c5 13. Nf5 Bxf5 14. Qxf5 Qd7 15. Qh5 Qe6 16. f4 f5 17. Na3 Nd7 18. Be3 Rfb8 19. b4 d4 20. cxd4 cxd4 21. Nc2 dxe3 22. Nd4 Qg6 23. Qf3 Nb6 24. Nc6 Re8 25. a4 Bf8 26. Rxe3 a5 27. e6 Bxb4 28. Nxb4 axb4 29. Qc6 Qf6 30. Re5 Qe7 0-1